Регионална библиотека "Любен Каравелов" - Русе

Изготвяне на маркетинговия въпросник (Запис номер 2930)

MARC детайли
000 -Лидер
Контролно поле с фиксирана дължина 01131nam a2200301 c 4500
003 - Код на организацията, давaща контролен номер
Контролно поле BLK
005 - Дата и час на последна редакция
Контролно поле 20201021111319.0
008 - Елементи от данни с фиксирана дължина
fixed length control field 180412b bul|||||r ||||||| ||bul||
010 ## - Наследен системен номер
LC control number KNG00003961000
040 ## - Източник на каталожния запис
Идентификатор на билиотеката - собственик на записа BLK
041 ## - Код за език
Код за езика на текст/звукозапис или на отделно заглавие Български
Код за езика КДБФ Български
080 ## - УДК
Текстов определител УДК Пазар. Анализ на пазара. Търсене. Предлагане. Конкуренция. Маркетингова логистика
УДК код - определител по УДК 339.13
УДК - код + определител 339.13
100 1# - Редна дума - Автор
Автор Хейг, Пол
Авторска отговорност първи автор
R(LIN) 246528
139 ## - Редно поле
Редна дума Хейг, Пол
Авторски знак Хед - Х 38
245 10 - Сведения за заглавието
Заглавие Изготвяне на маркетинговия въпросник
Редно поле (дума) Пол Хейг.
257 ## - Страна на издаване
Страна на създаване/издаване Великобритания
260 ## - Област на издателските данни
Име на издателя, разпространителя и проч. Делфин прес
Година на издаване 1994
Печатница Русе : Дунав прес
300 ## - Физическа характеристика
Страници 113 с.
Илюстрации и др. с табл.
Размери/Мащаб 23 см
380 ## - Жанр
Жанр Обществени науки
490 1# - СЕРИИ (Колекции)
Име на серия Маркетингът под лупа
№: серия 1
500 ## - Общи забележки
Забележка Ориг. загл. Questionnaire design / Paul Hague. - 1 000 тир.
650 #4 - Допълнително описание по предмет – тема
Основно описание – тема или топоним Маркетинг
9 (RLIN) 161163
852 ## - Местоположение
Форматна сигнатура Цб 179236
856 4# - Електронен адрес и достъп
Електронен формат pdf - файл
Път до файла /url/
856 4# - Електронен адрес и достъп
Електронен формат pdf - файл
Път до файла /url/
999 ## - СИСТЕМНИ КОНТРОЛНИ НОМЕРА
Koha biblionumber 2930
Koha biblioitemnumber 2930
942 ## - АРТИКУЛИ
Вид на библиотечния материал Книги
Скрит в OPAC Не
Периодичен библиозапис Да
Koha issues (borrowed), all copies 1
944 ## - СЪЗДАВАНЕ И РЕДАКЦИЯ на ЗАПИСА
Създаване/Редакция Създаване
Дата на регистрацията/редакция 15.01.2003
Служител, извършил регистрацията/редакцията Кети_Илиева
944 ## - СЪЗДАВАНЕ И РЕДАКЦИЯ на ЗАПИСА
Създаване/Редакция Редакция
Дата на регистрацията/редакция 26.11.2012
999 ## - СИСТЕМНИ КОНТРОЛНИ НОМЕРА
Koha biblioitemnumber 2930
Наличности
Код за отписване Код за изгубен артикул Източник на класификационната схема Код за повреда Коз за рестрикции Код за отдаване Артикулен № Име на библиотеката - собственик Име на библиотеката, в която се намира в момента Статус (Текущо местоположение) Дата на вписване в системата Местоположение - отдел Цена в лева Инвентарен номер Систематично азбучна сигнатура Баркод Номер на екземпляра Цена в евро Служебна бележка Служебен тип на артикула
  Не е изгубен Universal Decimal Classification Не е повреден без рестрикции заемане за дома 5357 Регионална библиотека "Любен Каравелов" Русе Регионална библиотека "Любен Каравелов" Русе Заемна - подръчен фонд 1994-01-01 Заемна - подръчен фонд 3.00 607458 П 339/Х 39 120000607458 1 1.53 Дост: Pk Вид: Ф N: стар фонд Дата: 01.01.1994 Дата инв: 23.03.2017 Бележки инв: Ч2017 Книги
  Не е изгубен Universal Decimal Classification Не е повреден без рестрикции ползва се в читалня 5358 Регионална библиотека "Любен Каравелов" Русе Регионална библиотека "Любен Каравелов" Русе Хранилище 1994-01-01 Хранилище 0.00 605810 Цб 179236 120000605810 2 0.00 Дост: Dp Вид: Д N: стар фонд Дата: 01.01.1994 Дата инв: 05.08.2015 Бележки инв: Цб2015 Книги
Vip Innovations Ltd, Rousse, Bulgaria 2025